Great Grimsby Quiz - Statistics

General Stats
  • This quiz has been taken 31 times
  • The average score is 8 of 15
Answer Stats
Hint Answer % Correct
what is the name of grimsby towns stadium? blundell park
95%
what is grimsby mainly famous for? fish
95%
what is the tallest building in grimsby? dock tower
85%
what are grimsby people called? grimbarians
85%
what is grimsby towns nickname? mariners
75%
what structure is based on the beach that serves fish and chips? the pier
70%
what is another word which is classed as cleethorpes? meggies
55%
what place has two lions at the entrance? weelsby woods
45%
what is the local soft play centre called? magical castle
35%
what vehicle rides down the promenade with lollipops? lollipop train
30%
what school has a dolphin on the logo? cleethorpes academy
25%
who is the richest man from grimsby? david ross
25%
what school is the largest in north east lincolnshire? tollbar academy
25%
what school has a red and black tie? humberston academy
15%
what year did this open? 1873
5%
No matching quizzes found
Score Distribution
Percent of People with Each Score
Percentile by Number Answered
Your Score History
You have not taken this quiz